Fundamentals of Operations Management

Enregistré dans:
Détails bibliographiques
Auteur principal: Aquilano, Nicholas J.
Autres auteurs: Chase, Richard B.
Format: Livre
Langue:anglais
Publié: Homewood IRWIN 1991
Édition:1. ed.
Sujets:
Tags: Ajouter un tag
Pas de tags, Soyez le premier à ajouter un tag!

MARC

LEADER 00000nam a2200000 4500
001 c014398
005 20221206114611.2
020 |a 0-256-02830-3 
041 0 |a eng 
044 |a US 
245 1 0 |a Fundamentals of Operations Management  |c Nicholas J. Aquilano, Richard B. Chase 
250 |a 1. ed. 
264 1 |a Homewood  |b IRWIN  |c 1991 
300 |a 732 s. 
610 2 0 |a riadenie výroby 
610 2 0 |a riadenie vnútropodnikové 
610 2 0 |a prevádzky 
610 2 0 |a manažment 
100 1 |a Aquilano, Nicholas J. 
700 1 |a Chase, Richard B.